000 00346nam a22001457a 4500
008 210602b ||||| |||| 00| 0 eng d
020 _a0927364042
041 _aeng
080 _a004
082 _a004
100 _a28
101 _aSHKI
245 _aThe Art & Craft og Technology Business Incubation
_cLouis G. Tornatzky
942 _2udc
_cBK
999 _c57886
_d57886